书目信息 |
| 题名: |
在南极的500天
|
|
| 作者: | 李航 文 | |
| 分册: | ||
| 出版信息: | 武汉 华中科技大学出版社 2019.3 |
|
| 页数: | 242页 | |
| 开本: | 21cm | |
| 丛书名: | ||
| 单 册: | ||
| 中图分类: | N816.61 | |
| 科图分类: | ||
| 主题词: | ||
| 电子资源: | ||
| ISBN: | 978-7-5680-4041-9 | |
| 000 | 01015nam0 2200253 45 | |
| 001 | 012001000403 | |
| 005 | 20140911140624.0 | |
| 010 | @a978-7-5680-4041-9@dCNY59.00 | |
| 100 | @a20190403d2019 em y0chiy50 ea | |
| 101 | 0 | @achi |
| 102 | @aCN@b420000 | |
| 105 | @aa z 000yy | |
| 106 | @ar | |
| 200 | 1 | @a在南极的500天@Azai nan ji de 500 tian@b专著@d500 days in Antarctica@f李航文/图@zeng |
| 210 | @a武汉@c华中科技大学出版社@d2019.3 | |
| 215 | @a242页@c彩图@d21cm | |
| 300 | @a并列题名:500 days in Antarctica | |
| 330 | @a本书全彩印刷,实地拍摄照片两万多幅(预计采用200张左右),从科考员的个人视角出发,以图文并茂的形式,展现南极科考员的职业面貌和日常,分享职业生涯中个体独一无二的生活际遇、工作经历,南极的人文风物与生命律动。让你了解南极科考的价值与意义,领略地球最后一片净土上自然与生命的壮美。 | |
| 510 | 1 | @a500 days in Antarctica@zeng |
| 607 | @a南极@x科学考察 | |
| 690 | @aN816.61@v5 | |
| 701 | 0 | @a李航@Ali hang@4文@4图 |
| 801 | 0 | @aCN@bBJSDL@c20211011 |
| 905 | @b1331408-11@dN816.61@e26@f4 | |
| 在南极的500天=500 days in Antarctica/李航文/图.-武汉:华中科技大学出版社,2019.3 |
| 242页:彩图;21cm |
| 并列题名:500 days in Antarctica |
| ISBN 978-7-5680-4041-9:CNY59.00 |
| 本书全彩印刷,实地拍摄照片两万多幅(预计采用200张左右),从科考员的个人视角出发,以图文并茂的形式,展现南极科考员的职业面貌和日常,分享职业生涯中个体独一无二的生活际遇、工作经历,南极的人文风物与生命律动。让你了解南极科考的价值与意义,领略地球最后一片净土上自然与生命的壮美。 |
| ● |
| 相关链接 |
|
|
|
|
正题名:在南极的500天
索取号:N816.61/26
 
预约/预借
| 序号 | 登录号 | 条形码 | 馆藏地/架位号 | 状态 | 备注 |
| 1 | 1331408 | 213314082 | 第二样本阅览室/ [索取号:N816.61/26] | 在馆 | |
| 2 | 1331409 | 213314091 | 第三借阅区/ [索取号:N816.61/26] | 在馆 | |
| 3 | 1331410 | 213314108 | 第三借阅区/ [索取号:N816.61/26] | 在馆 | |
| 4 | 1331411 | 213314117 | 第三借阅区/ [索取号:N816.61/26] | 在馆 |